Докладная записка Арцимовичу В. А. от Медынского депутата дворянства Андрея Могилевича о настроении крестьян после обнародования...

Доступно только в Электронных читальных залах Найти на картеНа карте
RUSMARC
00003864nac2a22002533x 450
00136b98c74-e3ca-4eef-82e0-cd27fb15d479
00520211215164948.0
100##$a20211122l1861 k y0rusy50 ca
1010#$arus
102##$aRU
105##$ay z |||||
1220#$ad18611231
2001#$aДокладная записка Арцимовичу В. А. от Медынского депутата дворянства Андрея Могилевича о настроении крестьян после обнародования манифеста
$j1861
215##$a4 листа
251##$cДело
300##$aРукописный текст
330##$aВходит в раздел описи: 1. Материалы о служебной деятельности. б/ Калуга - /материалы по реформе 1861 г./
461#0$1001702d5e87-6901-4c63-8165-d848da7b6444
$12001
$aАрцимович Виктор Антонович, сенатор, Тобольский (1854-1858 гг.) и Калужский (1858-1862 гг.) губернатор, вице-председатель государственного совета Царства Польского (С 1863 г.)
$1251
$cФонд
$1852
$j815
462#0$1001559b76c2-49f1-4f4f-bd3c-238599c7510c
$12001
$aДела постоянного хранения. 1821-1891
$vД. 198
$1251
$cОпись
$1852
$j1
600#1$aАрцимович
$bВ. А.
$gВиктор Антонович
600#1$aМогилевич
$bА.
$gАндрей
801#0$aRU
$bGA_RF
801#1$aRU
$bГлавНИВЦ
$c20211122
$2rusmarc
801#2$aRU
$bПБ им. Б.Н. Ельцина
$c20211215
$gRCR
$2rusmarc
852##$aГА РФ
$j198
937##$d171629265
$hГАРФ
035##$aRuPRLIB51061263
856##$uhttp://readingroom.main.prlib.ru/item.aspx?id_node=n171629265&mode=full
Формат отображения